Small business management : (Record no. 4737)
[ view plain ]
| 000 -LEADER | |
|---|---|
| fixed length control field | 00887cam a22002414a 4500 |
| 001 - CONTROL NUMBER | |
| control field | 4993944 |
| 005 - DATE AND TIME OF LATEST TRANSACTION | |
| control field | 20250313100543.0 |
| 008 - FIXED-LENGTH DATA ELEMENTS--GENERAL INFORMATION | |
| fixed length control field | 990202s2000 ilua b 001 0 eng |
| 020 ## - INTERNATIONAL STANDARD BOOK NUMBER | |
| International Standard Book Number | 0072346523 (book bound with CDROM) |
| 050 00 - LIBRARY OF CONGRESS CALL NUMBER | |
| Classification number | HD62.7 |
| Item number | .S5943 2000 |
| 082 00 - DEWEY DECIMAL CLASSIFICATION NUMBER | |
| Classification number | 658.02/2 |
| Edition information | 21 |
| 100 1# - MAIN ENTRY--PERSONAL NAME | |
| Personal name | Megginson, William L. |
| 245 10 - TITLE STATEMENT | |
| Title | Small business management : |
| Remainder of title | an entrepreneur's guidebook / |
| Statement of responsibility, etc. | William L. Megginson, Mary Jane Byrd, Leon C. Megginson. |
| 250 ## - EDITION STATEMENT | |
| Edition statement | 3rd ed. |
| 260 ## - PUBLICATION, DISTRIBUTION, ETC. | |
| Place of publication, distribution, etc. | Boston : |
| Name of publisher, distributor, etc. | Irwin/McGraw-Hill, |
| Date of publication, distribution, etc. | c2000. |
| 300 ## - PHYSICAL DESCRIPTION | |
| Extent | xviii, 510 p. : |
| Other physical details | ill. ; |
| Dimensions | 26 cm. + |
| Accompanying material | 1 computer disk (3 1/2 in.) |
| 500 ## - GENERAL NOTE | |
| General note | Rev. ed. of: Small business management / William L. Megginson ... [et al.]. |
| 650 #0 - SUBJECT ADDED ENTRY--TOPICAL TERM | |
| Topical term or geographic name entry element | Small business |
| General subdivision | Management. |
| 650 #0 - SUBJECT ADDED ENTRY--TOPICAL TERM | |
| Topical term or geographic name entry element | Small business |
| General subdivision | Management |
| Form subdivision | Case studies. |
| 700 1# - ADDED ENTRY--PERSONAL NAME | |
| Personal name | Byrd, Mary Jane. |
| 700 1# - ADDED ENTRY--PERSONAL NAME | |
| Personal name | Megginson, Leon C. |
| 942 ## - ADDED ENTRY ELEMENTS (KOHA) | |
| Source of classification or shelving scheme | Library of Congress Classification |
| Koha item type | Books |
| Suppress in OPAC | No |
| 999 ## - | |
| -- | 4737 |
| -- | 4737 |
| Withdrawn status | Lost status | Source of classification or shelving scheme | Damaged status | Not for loan | Collection | Home library | Current library | Shelving location | Date acquired | Total checkouts | Full call number | Barcode | Date last seen | Copy number | Price effective from | Koha item type |
|---|---|---|---|---|---|---|---|---|---|---|---|---|---|---|---|---|
| Library of Congress Classification | Non-fiction | Business Library (Miotso) | Business Library (Miotso) | General stacks | 04/28/2025 | HD62.7 MEG | BSSM00002067 | 04/28/2025 | 2 | 04/28/2025 | Books | |||||
| Library of Congress Classification | Non-fiction | Business Library (Miotso) | Business Library (Miotso) | General stacks | 04/28/2025 | HD62.7 MEG | BSSM00002068 | 04/28/2025 | 3 | 04/28/2025 | Books | |||||
| Library of Congress Classification | Non-fiction | Business Library (Miotso) | Business Library (Miotso) | General stacks | 04/28/2025 | HD62.7 MEG | BSSM00002069 | 04/28/2025 | 4 | 04/28/2025 | Books | |||||
| Library of Congress Classification | Non-fiction | Business Library (Miotso) | Business Library (Miotso) | General stacks | 04/28/2025 | HD62.7 MEG | BSSM00002070 | 04/28/2025 | 5 | 04/28/2025 | Books | |||||
| Library of Congress Classification | Non-fiction | Business Library (Miotso) | Business Library (Miotso) | General stacks | 04/28/2025 | HD62.7 MEG | BSSM00002110 | 04/28/2025 | 6 | 04/28/2025 | Books | |||||
| Library of Congress Classification | Non-fiction | Undergraduate Library (Christ Temple) | Undergraduate Library (Christ Temple) | General stacks | 03/13/2025 | HD62.7 MEG | ulct00001683 | 03/13/2025 | 1 | 03/13/2025 | Books |